000 00600nam a22001817a 4500
999 _c58880
_d58880
005 20221012150228.0
008 221012s2020ge xxu||||| |||| 00| 0 ger d
020 _a 9783126071666
080 _a811.112.2'373 R-95
100 _aRusch, Paul.
_915285
245 _aNetzwerk neu :
_bA2 Intensivtrainer /
_cPaul Rusch.
264 _aStuttgart:
_bErnst Klett Sprachen,
_c2020.
300 _a 80 p.:
_bIllustrationen,
_c29 cm.
440 _a Deutsch als Fremdsprache
_915295
653 _aNetzwerk neu A2 Intensivtrainer
653 _aგერმანული ლექსიკა
942 _2udc
_cBK